MARC
| LEADER | 00000nam a2200000Ia 4500 | ||
|---|---|---|---|
| 008 | 170316s9999 xx 000 0 und d | ||
| 040 | |a cru BVZT | ||
| 090 | |a 820 S-5hi | ||
| 100 | |a Shakespeare, William | ||
| 245 | |a La historia de troilo y Cresida | ||
| 260 | |a San José, Costa Rica | ||
| 260 | |b EUNED | ||
| 260 | |c 1980 | ||
| 300 | |a 114 páginas | ||
| 650 | |a LITERATURA INGLESA | ||
| 999 | |c 7126 |d 7126 | ||
| 942 | |c 15 D |h 820 S-5hi |2 z | ||
